01454cam a22003614i 4500003000900000005001700009008004100026020001500067035002700082040003300109082001700142100003400159245009700193264004300290300006700333336002100400337002500421338002300446505047700469526001000946526001000956526001000966526001000976526000800986526000800994526000801002526000801010526000801018526000801026526000801034650002401042650002601066PE-LiUPU20250731173151.0150623s r 000 0 d a0684870592 a(Sirsi) i9780684870595 aPE-LiUPUbspacPE-LiUPUerda04a215bS312211 aSchroeder, Gerald L.,eautor.14aThe hidden face of God :bhow sciencience reveals the ultimate truth /cGerald L. Schroeder. 1aNew York, NY :bThe Free Press,c2001. a224 páginas :bilustraciones, gráficos ;c24 centímetros atext2rdacontent aunmediated2rdamedia avolume2rdacarrier0 aThe puzzle of existence: an overview. Physics and metaphysics. The workings of the universe: the physics of metaphysics. The orderly cells of life. Meiosis and the making of a human: a study in shared fidelity. Nerves: nature's information network. The brain behind the mind. The picture in our mind. Thinking about thinking: tapping into the conscious mind of the universe. Illusions: games the brain plays with the mind. Reading between the lines: what does it all men?. aSEG42 aSEG41 aSEG40 aSEG39 aP94 aP87 aP86 aP85 aP77 aP76 aP3504aExistencia de Dios.04aReligión y ciencia.